Disaster management / (Record no. 15276)

MARC details
000 -LEADER
fixed length control field 00959nam a22002657a 4500
005 - DATE AND TIME OF LATEST TRANSACTION
control field 20080626104633.0
008 - FIXED-LENGTH DATA ELEMENTS--GENERAL INFORMATION
fixed length control field 080618t xxu||||| |||| 00| 0 eng d
010 ## - LIBRARY OF CONGRESS CONTROL NUMBER
LC control number ENG-90862
020 ## - INTERNATIONAL STANDARD BOOK NUMBER
Terms of availability 300.00
International Standard Book Number 9788190659246
035 ## - SYSTEM CONTROL NUMBER
System control number EN-74395
037 ## - SOURCE OF ACQUISITION
Source of stock number/acquisition DBAD / PUB
040 ## - CATALOGING SOURCE
Original cataloging agency DPL
Language of cataloging English
082 ## - DEWEY DECIMAL CLASSIFICATION NUMBER
Classification number 363.34
100 ## - MAIN ENTRY--PERSONAL NAME
Personal name Govind Prasad Singh
245 ## - TITLE STATEMENT
Title Disaster management /
Statement of responsibility, etc by Govind Prasad Singh
260 ## - PUBLICATION, DISTRIBUTION, ETC. (IMPRINT)
Place of publication, distribution, etc Delhi
Name of publisher, distributor, etc Sadhana & Sans
Date of publication, distribution, etc 2008
260 ## - PUBLICATION, DISTRIBUTION, ETC. (IMPRINT)
Place of publication, distribution, etc
Name of publisher, distributor, etc
270 ## - ADDRESS
Address L-20/13, Gali No. 5, II Floor, Shivaji Margt, Kartar Nagar
City Delhi
Postal code 110053
300 ## - PHYSICAL DESCRIPTION
Extent viii, 208p.
Dimensions 23 cm (Hb)
500 ## - GENERAL NOTE
General note Includes bibliographical references and index
650 ## - SUBJECT ADDED ENTRY--TOPICAL TERM
Topical term or geographic name as entry element Emergency management
Geographic subdivision India
650 ## - SUBJECT ADDED ENTRY--TOPICAL TERM
Topical term or geographic name as entry element Disaster relief
942 ## - ADDED ENTRY ELEMENTS (KOHA)
Koha item type English Books
Classification part 363.34
Source of classification or shelving scheme Dewey Decimal Classification
Call number suffix GOV
Holdings
Withdrawn status Lost status Damaged status Not for loan Collection code Home library Current library Date acquired Cost, normal purchase price Total Checkouts Full call number Barcode Date last seen Copy number Cost, replacement price Price effective from Koha item type
      Not For Loan Non-fiction D.B.Act.Division D.B.Act.Division 02/09/2008 300.00   363.34 GOV EN-74395 15/09/2008 1 300.00 15/09/2008 English Books

© Delhi Public Library
Hit Counter
free hit counter